000 01059nam a22002897a 4500
999 _c118500
_d118500
003 0
005 20200108154519.0
008 0
010 _aB-143861, b-143868
020 _c225.00
_a8126710330
035 _aB-143861,B-143864
035 _aB-143866
037 _bCen Lib/Ret
040 _aDPL
_bHN
_c0
082 _a
_bकाँकरि
100 _aकाँकरिया, मधु
_947617
245 _aपत्ताखोर /
_cमधु काँकरिया
246 _aPattakhor /
_bby Madhu Kankariya
260 _aनई दिल्ली
_bराजकमल प्रकाशन
_c2005
270 _a1-बी, नेताजी सुभाष मार्ग
_bनई दिल्ली
_e110002
300 _a211पृ.
_c21सेमी(सजिल्द)
650 _a साहित्य--उपन्यास
_980534
650 _aहिंदी उपन्यास
_980535
650 _a Literature--Novel
_980536
650 _aHindi novel
_980537
942 _2ddc
_cHN
_h
_mकाँकरि